Maîtrises-tu vraiment l’Antiquité ? (Tous niveaux) - Statistiques

Statistiques générales
  • Ce quiz a été pris 47 fois
  • Le résultat moyen est 17 sur 29
Statistiques - réponses
Questions Réponses % Correct
Quel fleuve traverse l’Égypte ? Le Nil
95%
Quelle écriture utilisent les Égyptiens ? Hiéroglyphe
92%
Quelle est la capitale de l’Empire romain ? Rome
92%
Qui est le dieu principal de la mythologie grecque ? Zeus
92%
Quelle cité grecque est célèbre pour sa démocratie ? Athènes
89%
Quel monument romain servait d’arène pour les combats ? Colisée
89%
Quelle langue parlaient les Romains ? Latin
89%
Quelle reine d’Égypte est liée à César et Marc Antoine ? Cléopâtre
87%
Quel conquérant macédonien a créé un immense empire ? Alexandre Le Grand
82%
Qui a écrit L’Odyssée ? Homère
82%
Quelle ville a été détruite par le Vésuve en 79 ? Pompéi
82%
Qui est le premier empereur romain ? Auguste
76%
Quelle grande bibliothèque antique se trouvait en Égypte ? Alexandrie
71%
Quel général carthaginois a traversé les Alpes avec des éléphants ? Hannibal
66%
Quel philosophe grec fut le maître d’Alexandre le Grand ? Aristote
63%
En quelle année Jules César est-il assassiné ? -44
53%
Quelle civilisation a construit les pyramides de Gizeh ? Egyptienne
42%
Quelle guerre oppose Athènes et Sparte ? Péloponnèse
39%
Quel empire Hammurabi dirigeait-il ? Babylone
37%
Quelle bataille en -490 voit la victoire des Grecs contre les Perses ? Marathon
37%
Qui était le principal rival de César pendant la guerre civile ? Pompée
37%
Quel roi perse a tenté d’envahir la Grèce lors des guerres médiques ? Xerxès
34%
Qui était le père de Toutânkhamon ? Akhénaton
32%
Quel peuple a fondé Carthage ? Phénicien
29%
Quel peuple vivait en Mésopotamie ? Sumérien
26%
Quelle bataille navale en -31 oppose Octave et Marc Antoine ? Actium
21%
En quelle année débute la guerre du Péloponnèse ? -431
13%
Quelle cité est considérée comme l’une des premières villes de l’histoire ? Uruk
13%
Quel empereur romain instaure la Tétrarchie Dioclétien
8%
Aucun quiz correspondant
Distribution des résultats
% des personnes avec chaque résultat
Percentile par nombre de réponses
Votre historique - résultats
Vous n’avez pas pris ce quiz